• 首页
  • 本馆介绍
  • 公告通知
  • 最新文献
  • 馆藏检索
  • 电子资源
  • 读者导购
  • 参考咨询
  • 我的图书馆
  • 登录
  • 详细信息显示
  • 放入我的书架
  • 预约/预借图书
  • 作者相关作品
  • 分类相关作品
  • 丛书相关作品
  • 出版社相关作品

书目信息

  • 表格格式
  • 工作单格式
  • 卡片格式
题名:
城市气象灾害风险防控
    
 
作者: 陈振林 主编
分册:  
出版信息: 上海   同济大学出版社  2019.12
页数: 207页
开本: 26cm
丛书名: 城市安全风险管理丛书
单 册:
中图分类: P429
科图分类:
主题词: 城市--气象灾害--灾害防治--研究
电子资源:
ISBN: 978-7-5608-8455-4
000 01848nam0 2200301 45
001 012001001599
005 20140914133639.0
010    @a978-7-5608-8455-4@dCNY88.00
100    @a20200529d2019 em y0chiy50 ea
101 0  @achi
102    @aCN@b310000
105    @aab z 001yy
106    @ar
200 1  @a城市气象灾害风险防控@Acheng shi qi xiang zai hai feng xian fang kong@b专著@dRisk prevention and reduction of meteorological disasters in urban areas@f陈振林主编@zeng
210    @a上海@c同济大学出版社@d2019.12
215    @a207页@c彩图,地图@d26cm
225 1  @a城市安全风险管理丛书
300    @a“十三五”国家重点图书出版规划项目 国家出版基金项目
300    @a并列题名:Risk prevention and reduction of meteorological disasters in urban areas
314    @a陈振林,男,理学博士,长期在气象系统从事国际合作、气象服务和综合管理工作,2009年起任中国气象局应急减灾与公共服务司司长,中国气象局新闻发言人。2014年起任上海市气象局党组书记、局长。2018年起任中国气象局办公室主任兼中国气象局应急管理办公室主任,中国气象局新闻发言人。
330    @a本书在总结典型城市气象灾害特点及影响的基础上,提炼了城市化和气候变化的演变趋势及其对城市气象灾害的影响,并对未来城市化和气候变化叠加的背景下城市气象灾害的演变和可能的风险管理措施进行了阐述。以此为基础,从应对城市气象灾害的非工程性措施角度介绍了城市气象灾害影响预报和风险预警体系,包括城市气象灾害风险普查和气象灾害预警信息发布机制等。进一步从城市气象灾害防御工程性措施的角度,介绍了国内外弹性城市、海绵城市、城市气象灾害巨灾保险等应对方案,并提供了多个城市的气象灾害应对案例。
461  0 @12001 @a城市安全风险管理丛书
510 1  @aRisk prevention and reduction of meteorological disasters in urban areas@zeng
606 0  @a城市@x气象灾害@x灾害防治@x研究
690    @aP429@v5
701  0 @a陈振林@Achen zhen lin@4主编
801  0 @aCN@bBJSDL@c20211011
905    @b1336469-72@dP429@e179@f4
    
    城市气象灾害风险防控=Risk prevention and reduction of meteorological disasters in urban areas/陈振林主编.-上海:同济大学出版社,2019.12
    207页:彩图,地图;26cm.-(城市安全风险管理丛书)
    “十三五”国家重点图书出版规划项目 国家出版基金项目.-并列题名:Risk prevention and reduction of meteorological disasters in urban areas
    
    ISBN 978-7-5608-8455-4:CNY88.00
    本书在总结典型城市气象灾害特点及影响的基础上,提炼了城市化和气候变化的演变趋势及其对城市气象灾害的影响,并对未来城市化和气候变化叠加的背景下城市气象灾害的演变和可能的风险管理措施进行了阐述。以此为基础,从应对城市气象灾害的非工程性措施角度介绍了城市气象灾害影响预报和风险预警体系,包括城市气象灾害风险普查和气象灾害预警信息发布机制等。进一步从城市气象灾害防御工程性措施的角度,介绍了国内外弹性城市、海绵城市、城市气象灾害巨灾保险等应对方案,并提供了多个城市的气象灾害应对案例。
●
相关链接 在E读中查询图书 在五车中查询图书 在当当中查询图书 在豆瓣中查询图书


正题名:城市气象灾害风险防控     索取号:P429/179         预约/预借

序号 登录号 条形码 馆藏地/架位号 状态 备注
1 1336469   213364697   第二样本阅览室/ [索取号:P429/179] 在馆    
2 1336470   213364704   第三借阅区/ [索取号:P429/179] 在馆    
3 1336471   213364713   第三借阅区/ [索取号:P429/179] 在馆    
4 1336472   213364722   第三借阅区/ [索取号:P429/179] 在馆    
唐山师范学院图书馆 欢迎您!
大连网信软件有限公司© 版权所有